| 000 | 00522nam a22001577a 4500 | ||
|---|---|---|---|
| 005 | 20250209114732.0 | ||
| 008 | 250209b |||||||| |||| 00| 0 eng d | ||
| 020 | _a0888040342 | ||
| 050 |
_aRC925.5 _b.O34 |
||
| 100 | _aOgilvie-Harris, D. J. | ||
| 245 |
_aPersonal Injury/ _ba medico-legal guide to the spine and limbs _cD. J. Ogilvie-Harris & G. J. LLoyd, illustrated by Carolyn Teare-Richardson |
||
| 260 |
_aToronto _bCanada Law Book _c1986 |
||
| 300 |
_axxiv. 397p. _c24cm |
||
| 700 | _aLLoyd, G. J. | ||
| 942 |
_2lcc _cBK _n0 |
||
| 999 |
_c3729 _d3729 |
||